New uses for old buildings (Record no. 112440)

MARC details
000 -LEADER
fixed length control field 00953cad a22002055a 4500
001 - CONTROL NUMBER
control field E153266
008 - FIXED-LENGTH DATA ELEMENTS--GENERAL INFORMATION
fixed length control field 110704n xxk f 000 0 eng d
020 ## - INTERNATIONAL STANDARD BOOK NUMBER
International Standard Book Number 0954054067
035 ## - SYSTEM CONTROL NUMBER
System control number (Sirsi) u153266
041 0# - LANGUAGE CODE
Language code of text/sound track or separate title eng
110 2# - MAIN ENTRY--CORPORATE NAME
Corporate name or jurisdiction name as entry element Scottish Civic Trust
9 (RLIN) 2679
245 00 - TITLE STATEMENT
Title New uses for old buildings
Medium [electronic resource]
260 ## - PUBLICATION, DISTRIBUTION, ETC.
Place of publication, distribution, etc. Glasgow
Name of publisher, distributor, etc. Scottish Civic Trust
Date of publication, distribution, etc. [20-?]
520 ## - SUMMARY, ETC.
Summary, etc. Looks at the issues surrounding the re-use of older buildings, with case studies on railway buildings; textile mills; doocots; country houses; and churches. Includes information on sources of funding and other useful resources.
590 ## - LOCAL NOTE (RLIN)
Local note KA
651 #4 - SUBJECT ADDED ENTRY--GEOGRAPHIC NAME
Geographic name Scotland
Chronological subdivision 1999-
690 ## - LOCAL SUBJECT ADDED ENTRY--TOPICAL TERM (OCLC, RLIN)
Topical term or geographic name as entry element BUILT ENVIRONMENT-BUILDING TYPES-ANCIENT MONUMENTS AND HISTORIC BUILDINGS
856 40 - ELECTRONIC LOCATION AND ACCESS
Uniform Resource Identifier <a href="https://www.scottishcivictrust.org.uk/media/91771/new%20uses%20for%20old%20buildings%20finart%20v2.pdf">https://www.scottishcivictrust.org.uk/media/91771/new%20uses%20for%20old%20buildings%20finart%20v2.pdf</a>
Public note View the item free of charge at www.scottishcivictrust.org.uk
942 ## - ADDED ENTRY ELEMENTS (KOHA)
Suppress in OPAC 0
Holdings
Withdrawn status Lost status Source of classification or shelving scheme Damaged status Not for loan Home library Current library Shelving location Date acquired Total Checkouts Full call number Barcode Date last seen Copy number Price effective from Koha item type
    Dewey Decimal Classification     Virtual Virtual Online 04/07/2011   ONLINE PUBLICATION 153266-2001 06/08/2019 1 06/08/2019 Book